Find Five Missing Asian Countries in 15 Seconds #1 - Map - Statistics

General Stats
  • This quiz has been taken 1,600 times
  • The average score is 3 of 5
Answers on the Map
Answers color-coded by a green-red scale on the quiz's map according to % correct below.
 
Answer Stats
Country % Correct
Nepal
91%
Oman
74%
North Korea
70%
Thailand
66%
Philippines
36%
No matching quizzes found
Score Distribution
Percent of People with Each Score
Percentile by Number Answered
Your Score History
You have not taken this quiz